|
|
|
|
| LEADER |
00000nam a2200000 a 4500 |
| 001 |
vtls008382179 |
| 003 |
SK-MaSNL |
| 005 |
20260301205010.0 |
| 008 |
251124s1923 xr slo |
| 015 |
|
|
|a SKSNBA19191938-006263
|
| 035 |
|
|
|a SK01SNKBSKHR20010074396
|
| 035 |
|
|
|a SKM000076859
|
| 040 |
|
|
|a SNK
|b slo
|c SNK
|e AACR2
|
| 041 |
1 |
|
|a slo
|
| 044 |
|
|
|a xr
|
| 080 |
|
|
|a 178.1
|2 1981
|
| 100 |
1 |
|
|a Lányi, Karol,
|d 1870-1949
|4 aut
|9 132429
|
| 245 |
1 |
0 |
|a Rozprávky o alkoholu
|b (zdravie - sociálna starostlivosť - mravnosť)
|c Karol Lányi
|
| 260 |
|
|
|a Praha
|b Čsl. Abstinentný Sväz
|c 1923
|e Praha
|f Československý Kompas
|
| 300 |
|
|
|a 30, [2] s.
|c 8°
|
| 490 |
0 |
|
|a Abstinentná knihovna
|v zv. 8
|
| 505 |
0 |
|
|a Odkazy na lit. Zoznam publikácií série
|
| 650 |
0 |
7 |
|a alkoholizmus
|2 SNKPH
|9 14184
|
| 655 |
|
7 |
|a knihy
|2 SNKPH
|9 307098
|
| 830 |
|
0 |
|a Abstinentná knihovna
|9 590502
|
| 852 |
|
|
|a Slovenská národná knižnica v Martine
|b 10000
|h MS SD 2935/14
|
| 852 |
|
|
|a Univerzitná knižnica v Bratislave
|b 300000
|h SG 2560/8
|
| 852 |
|
|
|a Univerzitná knižnica v Bratislave
|b 300000
|h XXG 642/8
|
| 958 |
|
|
|a RK
|
| 958 |
|
|
|a TL
|
| 999 |
|
|
|c 908539
|d 910469
|
| 952 |
|
|
|a SNK
|b SNK
|y VYP
|7 0
|p 17A0519688
|o snkSD 2935/14 D1
|i snkF 1869/66
|0 0
|1 0
|4 0
|d 2006-09-26
|l 0
|r 2026-02-24 07:36:25
|w 2026-02-24
|